| 000 | 00337nam a2200133Ia 4500 | ||
|---|---|---|---|
| 005 | 20251222144813.0 | ||
| 008 | 251222s9999||||xx |||||||||||||| ||spa|| | ||
| 020 | _a978-9972-664-38-0 | ||
| 082 | _a346.078.5/P91 | ||
| 100 | _aPuelles Olivera, Luis Guillermo | ||
| 245 | 0 | _aProcedimientos Concursales | |
| 264 | _bIndecopi | ||
| 942 | _cLIB | ||
| 999 |
_c20168 _d20168 |
||